|
|
|
|
| LEADER |
00000nam0a2200000 4500 |
| 001 |
193469 |
| 005 |
20231031181944.0 |
| 010 |
|
|
|a 9785406007303
|
| 035 |
|
|
|a (RuTPU)RU\TPU\book\211003
|
| 035 |
|
|
|a RU\TPU\book\129964
|
| 035 |
|
|
|a RU\TPU\book\163064
|
| 035 |
|
|
|a RU\TPU\book\163064
|
| 090 |
|
|
|a 193469
|
| 100 |
|
|
|a 20070816d2011 m y0rusy50 ca
|
| 101 |
0 |
|
|a rus
|
| 102 |
|
|
|a RU
|
| 105 |
|
|
|a y j 001zy
|
| 200 |
1 |
|
|a Комплексный экономический анализ хозяйственной деятельности
|e учебное пособие
|f А. И. Алексеева [и др.]
|
| 205 |
|
|
|a 3-е изд., перераб. и доп.
|
| 210 |
|
|
|a Москва
|c КноРус
|d 2011
|
| 215 |
|
|
|a 712 с.
|
| 320 |
|
|
|a Литература: с. 695-701.
|
| 330 |
|
|
|a Изложены теоретические и практические средства и методы экономического и финансового анализа хозяйственной деятельности, позволяющие повысить эффективность и результативность экономической и финансовой деятельности организаций. Особое внимание уделено организации аналитической работы, планированию деятельности коммерческих организаций, анализу в системе маркетинга и работы с ценными бумагами, инвестиционному анализу, оценке экономического потенциала и бизнеса. Приведены аналитические методики, позволяющие повысить эффективность экономического и финансового анализа и учитывающие современную ориентацию на международные стандарты бухгалтерского учета. Для студентов, обучающихся по экономическим специальностям, аспирантов, преподавателей, работников экономических служб коммерческих организаций.
|
| 451 |
|
1 |
|0 (RuTPU)RU\TPU\book\163064
|y 978-5-390-00133-2
|t Комплексный экономический анализ хозяйственной деятельности
|o учебное пособие
|f А. И. Алексеева [и др.]
|e 2-е изд., перераб. и доп.
|c М.
|n КноРус
|d 2009
|p 688 с.
|
| 606 |
1 |
|
|a Экономический анализ
|2 stltpush
|3 (RuTPU)RU\TPU\subj\37444
|
| 610 |
1 |
|
|a экономика
|
| 610 |
1 |
|
|a комплексный анализ
|
| 610 |
1 |
|
|a методология
|
| 610 |
1 |
|
|a планирование
|
| 610 |
1 |
|
|a бизнес-планы
|
| 610 |
1 |
|
|a сметное планирование
|
| 610 |
1 |
|
|a бюджетирование
|
| 610 |
1 |
|
|a бюджеты
|
| 610 |
1 |
|
|a маркетинговый анализ
|
| 610 |
1 |
|
|a производство
|
| 610 |
1 |
|
|a продажи
|
| 610 |
1 |
|
|a качество
|
| 610 |
1 |
|
|a обновление
|
| 610 |
1 |
|
|a ритмичность
|
| 610 |
1 |
|
|a сбыт
|
| 610 |
1 |
|
|a организации производства
|
| 610 |
1 |
|
|a труд
|
| 610 |
1 |
|
|a основные средства
|
| 610 |
1 |
|
|a трудовые ресурсы
|
| 610 |
1 |
|
|a материальные ресурсы
|
| 610 |
1 |
|
|a затраты
|
| 610 |
1 |
|
|a себестоимость
|
| 610 |
1 |
|
|a финансовый анализ
|
| 610 |
1 |
|
|a оборотные активы
|
| 610 |
1 |
|
|a финансовое состояние
|
| 610 |
1 |
|
|a ликвидность
|
| 610 |
1 |
|
|a платежеспособность
|
| 610 |
1 |
|
|a финансовая устойчивость
|
| 610 |
1 |
|
|a финансовые вложения
|
| 610 |
1 |
|
|a экономический потенциал
|
| 610 |
1 |
|
|a бизнес
|
| 610 |
1 |
|
|a рынок ценных бумаг
|
| 610 |
1 |
|
|a учебные пособия
|
| 610 |
1 |
|
|a хозяйственная деятельность
|
| 686 |
|
|
|a У053я73
|v LBC/SL-A
|2 rubbk
|
| 701 |
|
1 |
|a Алексеева
|b А. И.
|g Алла Илларионовна
|
| 701 |
|
1 |
|a Васильев
|b Ю. В.
|g Юрий Викторович
|
| 701 |
|
1 |
|a Малеева
|b А. В.
|g Анна Викторовна
|
| 701 |
|
1 |
|a Ушвицкий
|b Л. И.
|g Лев Исакович
|
| 801 |
|
1 |
|a RU
|b 63413507
|c 20110323
|
| 801 |
|
2 |
|a RU
|b 63413507
|c 20150507
|g RCR
|
| 900 |
|
|
|a Комплексный экономический анализ хозяйственной деятельности предприятия
|
| 942 |
|
|
|c BK
|
| 951 |
|
|
|b 080100
|b 080300
|
| 959 |
|
|
|a 32/20110323
|d 7
|e 350,00
|f ЧЗГЛ:1
|f АНЛ:1
|f УФ:5
|